00261nam a2200109Ia 4500008004100000100001500041245003100056250000800087260004000095300000800135650000800143191201s2009 xx 000 0 und d aPORWAL, LM 0aLegal Regulatory Framework a2nd aN. DelhibVrinda Publicationsc2009 a827 aMBA